|
|
|
|
| LEADER |
00670nab a2200193 i 4500 |
| 001 |
tisza12323 |
| 005 |
20200330142801.0 |
| 008 |
161130s1983 hu o 0|| hun d |
| 022 |
|
|
|a 0133-1167
|
| 040 |
|
|
|a SZTE Tiszatáj Archívum
|b hun
|
| 041 |
|
|
|a hun
|
| 100 |
1 |
|
|a Bálint Csanád
|
| 245 |
1 |
0 |
|a Kristó Gyula
|h [elektronikus dokumentum] :
|b Tanulmányok az Árpád-korról /
|c Bálint Csanád
|
| 260 |
|
|
|c 1983
|
| 300 |
|
|
|a 68-70
|
| 490 |
0 |
|
|a Tiszatáj
|v 37 No. 9
|
| 695 |
|
|
|a Magyarország története - 10-13. sz. - tanulmányok, Kristó Gyula
|
| 700 |
0 |
1 |
|a Kristó Gyula
|
| 856 |
4 |
0 |
|u http://tiszataj.bibl.u-szeged.hu/12323/1/tiszataj_1983_009_068-070.pdf
|z Dokumentum-elérés
|